|
|
|
|
| LEADER |
00000nam a2200000 a 4500 |
| 001 |
vtls001428379 |
| 003 |
SK-MaSNL |
| 005 |
20260302001820.0 |
| 008 |
240318s2000 xr a r cze |
| 020 |
|
|
|a 8086144593
|
| 035 |
|
|
|a SNK000383376
|
| 035 |
|
|
|a urn:nbn:sk:snk-amyarm
|
| 035 |
|
|
|a urn:nbn:sk:snk-am00c778
|
| 035 |
|
|
|a 25CA20A6-2936-4327-B103-C17F009FC5BE
|
| 040 |
|
|
|a SNK
|b slo
|c SNK
|e AACR2
|
| 041 |
0 |
|
|a cze
|
| 044 |
|
|
|a CZ
|
| 080 |
|
|
|a 611/612(084.12)
|2 1981
|
| 100 |
1 |
|
|a Parker, Steve,
|d 1952-
|4 aut
|9 116972
|
| 245 |
1 |
0 |
|a Lidské tělo
|b [prozkoumejte fascinující svět lidského těla - od kostry k drobným buňkám, které zajišťují všechny funkce v těle)
|c napsal Steve Parker ; [z angl. orig. prel. Ivan Fales] ; [ilustrace Alan Jackson]
|
| 260 |
|
|
|a Praha
|b Fortuna Print
|c 2000
|e [Martin
|f Neografia]
|
| 300 |
|
|
|a 63 s.
|c 29 cm
|
| 490 |
1 |
|
|a Vidět - poznat - vědet
|
| 500 |
|
|
|a Podnázov prevzatý z obalu knihy
|
| 650 |
0 |
7 |
|a telo ľudské
|x knihy pre deti ilustrované
|2 SNK
|9 391956
|
| 700 |
1 |
|
|a Fales, Ivan
|4 trl
|9 528121
|
| 700 |
1 |
|
|a Jackson, Alan
|4 ill
|9 638311
|
| 830 |
|
0 |
|a Vidět - poznat - vědět
|9 282815
|
| 919 |
|
|
|a 80-86144-59-3
|
| 958 |
|
|
|a OND
|
| 999 |
|
|
|c 985457
|d 987387
|
| 952 |
|
|
|t P60, <03>, [BOOK], {603}
|a SNK
|b SNK
|y PREZ
|7 0
|p 17A0331300
|o snkSB 64434
|i snkKSP 1543/2002
|0 0
|1 0
|4 0
|d 2002-02-01
|f 1
|l 0
|r 2025-04-14 00:00:00
|w 2026-02-24
|